00697cam a2200229 i 45000010005000000030010000050050017000150080041000320200018000730400014000910410008001050820022001131000039001352450092001742640068002662640012003343000012003463360027003583370033003853380028004186530021004464098CO-MdFUSB20240601091033.0240601t1980 -us||||| |||| 00| 0 eng d a0-310-75011-3 cCO-MdFUSB0 aeng04224aG 234b L753w1 aLindström, Harald (1905-)eAutor10aWesley and sanctification : ba study in the doctrine of salvation / cHerald Lindstrom 1bFrancis Asbury Publishing, aGrand Rapids, MI., USA : c[1980] 4c© 1980 a228 Pag atextobtxt2rdacontent 2rdamediaasin mediaciónbn 2rdacarrieravolumenbnc aSantificación